000 00608nam a2200205Ia 4500
003 IN-BaIIA
008 211028s9999 xx 000 0 eng d
020 _a0-02-349480-8
040 _cIIA Library
080 _a523.4
_bHAM
100 _aHamblin, W. K.
_916934
245 0 _aExploring the planets
_cW. K. Hamblin and E. H. Christiansen
260 _aNew York
_bMacmillan
_c1990
300 _aix, 451p.
650 _aAstronomy and Astrophysics Thesaurus
650 _aGeology
650 _aPlanets
_9971
700 _aChristiansen, E H
_916935
942 _cBK
999 _c9975
_d9975